000 00515nam a22001937a 4500
003 CEME
005 20210628205833.0
008 210317b xxu||||| |||| 00| 0 eng d
020 _a0-256-10334-8
040 _c.
082 _a658.72 LEE
100 _aFearon, Harold.E Leenders, Michiel.R
_977200
245 _aPurchasing and materials management
250 _a10T
260 _aCHICAGO
_bIRWIN
_c1993
300 _aXXI,682P
650 _aMATERIALS MANAGEMENT INDUSTRIAL MANAGEMENT
_977201
942 _cBK
_2ddc
999 _c582513
_d582513